000 00476nam a2200169Ia 4500
005 20250124045132.0
008 240331s9999 xx 000 0 und d
020 _a8188789046
082 _bPAT
_a914.5
100 _aPati,B
245 0 _aIdentity, Hegeminy, Resistance :
_bTowards a Social history of Conversions in Orissa, 1800-2000
260 _aNew Delhi
_bThree Essays Collective
_c2003
300 _axvii, 57 p .,
650 _aSocial
650 _aHistory
942 _cL
999 _c5680
_d5680